Antiworlds

Guardat en:
Dades bibliogràfiques
Autor principal: Voznesensky, Andrei (Autor)
Format: Llibre
Idioma:anglès
Publicat: Londres Oxford University Press 1967
Col·lecció:Oxford Paperbacks
Matèries:
Etiquetes: Afegir etiqueta
Sense etiquetes, Sigues el primer a etiquetar aquest registre!

MARC

LEADER 00000nam a2200000 a 4500
001 UCQ1519
003 CL-VaPUC
008 980710e19670000UK |||||||||||||||||eng|d
082 0 4 |a 891.71  |b VOZ  |2 21 
100 0 |a Voznesensky, Andrei  |e author  |9 415259 
245 1 0 |a Antiworlds 
300 |a 120 p 
942 |c BK 
945 |d 19980710 00:00:00  |a mvenant 
260 |a Londres  |b Oxford University Press  |c 1967 
650 0 |a Poesías rusas  |9 266684 
583 |a last modification  |c 19980710 00:00:00  |k Rodrigo Vera 
490 0 |a Oxford Paperbacks 
999 |c 272455  |d 272453 
952 |0 0  |1 0  |4 0  |6 891_710000000000000_VOZ_1967  |7 0  |8 A  |9 307453  |a BIBEDU  |b BIBEDU  |d 2019-11-20  |i 3443485  |o 891.71 VOZ 1967  |p 3443485  |r 2019-11-20  |w 2019-11-20  |y BK  |k LIT